000 00253nam a2200097Ia 4500
001 639814
005 20250826153435.0
008 250824s9999 xx 000 0 und d
245 0 _aTuna dan Uçan Kuş Gökkuş Diz
_cGülten Dayıoğlu
260 _bALTIN
999 _c639814
_d639814